Jak budovat bankovní systémy pomocí mikroservisní architektury

Mikroservisy ako architektonický princíp a moderný prístup k tvorbe softwaru. Výhody mikroservisnej architektúry. Informačné systémy bánk. Monolitické aplikácie.

Guardado en:
Detalles Bibliográficos
Autor principal: Zientek, Jan
Formato: Capítulo de libro
Lenguaje:checo
Materias:
Etiquetas: Agregar Etiqueta
Sin Etiquetas, Sea el primero en etiquetar este registro!

MARC

LEADER 00000naa a2200000 4500
001 0268559
005 20200922125214.4
041 0 |a cze 
044 |a CZ 
245 1 0 |a Jak budovat bankovní systémy pomocí mikroservisní architektury  |c Jan Zientek 
520 |a Mikroservisy ako architektonický princíp a moderný prístup k tvorbe softwaru. Výhody mikroservisnej architektúry. Informačné systémy bánk. Monolitické aplikácie. 
610 2 0 |a technológie informačné 
610 2 0 |a systém 
610 2 0 |a banky 
610 2 0 |a architektúra 
100 1 |a Zientek, Jan